千葉県の市町村 人口順 - Statistics

General Stats
  • This quiz has been taken 90 times
  • The average score is 41 of 54
Answer Stats
Answer 人口 % Correct
1 千葉市 984,598
100%
4 市川市 499,383
100%
3 松戸市 499,533
98%
6 市原市 262,670
98%
2 船橋市 648,214
96%
5 柏市 436,219
96%
10 浦安市 172,084
96%
13 木更津市 137,103
96%
14 成田市 134,003
94%
12 野田市 151,930
91%
27 銚子市 53,356
91%
31 館山市 42,930
91%
9 習志野市 176,101
89%
7 流山市 212,901
87%
34 南房総市 32,854
87%
18 四街道市 94,802
85%
40 勝浦市 15,326
85%
15 我孫子市 129,997
83%
20 君津市 78,804
83%
36 鴨川市 30,107
83%
22 八街市 65,441
81%
8 八千代市 204,426
80%
11 佐倉市 164,425
80%
17 印西市 108,830
80%
25 旭市 61,051
80%
33 いすみ市 33,165
80%
16 鎌ケ谷市 109,674
78%
19 茂原市 84,368
76%
23 袖ケ浦市 65,108
76%
24 白井市 61,523
76%
26 東金市 56,920
76%
30 山武市 45,939
76%
21 香取市 67,608
74%
29 大網白里市 46,874
74%
41 九十九里町 13,316
74%
32 富津市 39,394
72%
35 匝瑳市 32,729
69%
38 酒々井町 20,124
69%
37 横芝光町 20,843
67%
42 長生村 13,078
67%
52 鋸南町 6,235
67%
45 一宮町 11,850
65%
47 大多喜町 8,105
61%
50 御宿町 6,473
59%
48 芝山町 6,568
57%
28 富里市 49,595
56%
49 長南町 6,560
56%
44 東庄町 12,210
50%
53 長柄町 6,209
50%
46 白子町 9,713
48%
39 栄町 19,487
46%
43 多古町 12,782
46%
51 睦沢町 6,366
46%
54 神崎町 5,519
41%
No matching quizzes found
Score Distribution
Percent of People with Each Score
Percentile by Number Answered
Your Score History
You have not taken this quiz